| 000 | 00000nam##2200000za#4500 |
| 001 | 9.578690 |
| 003 | CaOODSP |
| 005 | 20210624190215 |
| 007 | cr ||||||||||| |
| 008 | 150406|1987||||xxc|||||o f|0| 0 eng|d |
| 022 | |a1488-5387 |
| 040 | |aCaOODSP|beng |
| 043 | |an-cn--- |
| 086 | 1 |aFs97-4/1948E-PDF |
| 110 | 1 |aCanada. |bDepartment of Fisheries and Oceans. |
| 245 | 10|aActivity report of the St. Andrews Biological Station (1986) / |h[electronic resource]|cby F. Sander. |
| 260 | |aSt. Andrews - New Brunswick : |bFisheries and Oceans Canada |cSeptember 1987. |
| 300 | |a15p. |
| 490 | 1 |aCanadian manuscript report of fisheries and aquatic sciences|x1488-5387|vNo. 1948 |
| 546 | |a(Résumés en français) |
| 590 | |a14-03-Supp|b2014-01-17 |
| 830 | #0|aCanadian manuscript report of fisheries and aquatic sciences,|x1488-5387|vNo. 1948|w(CaOODSP)9.505211 |
| 856 | 40|ahttp://publications.gc.ca|qPDF|s1508 KB|uhttps://publications.gc.ca/collections/collection_2014/mpo-dfo/Fs97-4-1948-eng.pdf|yNo. 1948 |